[Event "DLM 2007"]
[Site "Verden/Aller GER"]
[Date "2007.09.29"]
[Round "1"]
[White "Kaphle, Sebastian"]
[Black "Göbel, Constantin"]
[Result "1-0"]
[Termination "normal"]
[Board "3.5"]
[WhiteElo "2041"]
[BlackElo "1846"]
[WhiteTeam "Niedersachsen I"]
[BlackTeam "Hessen"]
[PlyCount "63"]
[WhiteFideId "24626708"]
[BlackFideId "24647071"]
[EventCountry "GER"]
[EventRounds "7"]
[EventType "team-swiss"]
[EventDate "2007.09.28"]

1. e4 e6 2. d4 d5 3. e5 c5 4. c3 Nc6 5. Nf3 Qb6 6. a3 Nh6 7. b4 cxd4 8. cxd4
Nf5 9. Bb2 Bd7 10. Be2 Be7 11. O-O O-O 12. Qd3 f6 13. Nbd2 fxe5 14. dxe5 a6 15.
Nb3 Rac8 16. Rac1 Be8 17. Nc5 Na7 18. g4 Bb5 19. Qd2 Bxe2 20. Qxe2 Nh6 21. Nd7
Qb5 22. Qxb5 Nxb5 23. Nxf8 Rxf8 24. Kg2 Nxg4 25. h3 Nh6 26. a4 Na7 27. Nd4 Nf5
28. Nxe6 Nh4+ 29. Kh2 Rf3 30. Rc7 Nc6 31. b5 Rb3 32. bxc6 1-0

[Event "DLM 2007"]
[Site "Verden/Aller GER"]
[Date "2007.09.29"]
[Round "1"]
[White "Öz, Eda"]
[Black "Günnigmann, Laura"]
[Result "0-1"]
[Termination "normal"]
[Board "3.6"]
[WhiteElo "1536"]
[BlackElo "1735"]
[WhiteTeam "Hessen"]
[BlackTeam "Niedersachsen I"]
[PlyCount "70"]
[WhiteFideId "24672963"]
[EventCountry "GER"]
[EventRounds "7"]
[EventType "team-swiss"]
[EventDate "2007.09.28"]

1. e4 c5 2. Nf3 Nc6 3. d4 cxd4 4. Nxd4 Nf6 5. Nc3 e5 6. Ndb5 d6 7. a4 a6 8. Na3
Be6 9. Bc4 Nb4 10. Bg5 Be7 11. Bxf6 Bxf6 12. O-O O-O 13. Nd5 Nxd5 14. Bxd5 Qe7
15. Qd3 Kh8 16. Nc4 Rad8 17. Ne3 g6 18. Ra3 Bg5 19. Re1 Bc8 20. Rb3 f5 21. exf5
gxf5 22. Nc4 Rf6 23. Nb6 Be6 24. Bxe6 Qxe6 25. Nd5 Rf7 26. Rd1 Rg7 27. Rc3 Rdg8
28. Nc7 Qf7 29. Qxd6 Bd8 30. Qxe5 Bxc7 31. Qd4 Rd8 32. Rxc7 Rxd4 33. Rc8+ Rg8
34. Rxg8+ Kxg8 35. Rxd4 Qe6 0-1

[Event "DLM 2007"]
[Site "Verden/Aller GER"]
[Date "2007.09.29"]
[Round "1"]
[White "Düssler, Stefanie"]
[Black "Schultheiß, Vera"]
[Result "1-0"]
[Termination "normal"]
[Board "3.7"]
[WhiteElo "1493"]
[BlackElo "1380"]
[WhiteTeam "Niedersachsen I"]
[BlackTeam "Hessen"]
[PlyCount "120"]
[WhiteFideId "4634780"]
[EventCountry "GER"]
[EventRounds "7"]
[EventType "team-swiss"]
[EventDate "2007.09.28"]

1. e4 e5 2. Nf3 d6 3. Bc4 Be6 4. Bb3 Be7 5. O-O Nd7 6. c3 Nc5 7. Bc2 Nf6 8. Re1
c6 9. d4 Ncd7 10. h3 exd4 11. cxd4 Nb6 12. Nc3 h6 13. Be3 O-O 14. b3 Re8 15.
Qc1 Bf8 16. Qd2 Rc8 17. Rad1 d5 18. e5 Nh7 19. Qd3 g6 20. Qd2 h5 21. Ng5 Bg7
22. Nxh7 Kxh7 23. Qe2 Kg8 24. f4 Qd7 25. Rf1 Bf5 26. Bxf5 Qxf5 27. g4 hxg4 28.
hxg4 Qd7 29. f5 gxf5 30. gxf5 f6 31. Rf3 fxe5 32. f6 Qg4+ 33. Qg2 Qxg2+ 34.
Kxg2 Bxf6 35. Rxf6 e4 36. Rg1 Rc7 37. Kf1+ Rg7 38. Bg5 Nd7 39. Rf5 Rf8 40.
Rxf8+ Nxf8 41. Be3 Rxg1+ 42. Bxg1 Kf7 43. Kf2 Ne6 44. Kg3 Ng5 45. Be3 Kf6 46.
Bxg5+ Kxg5 47. b4 a6 48. a4 b5 49. a5 Kf5 50. Ne2 Ke6 51. Kf4 Kf6 52. Nc1 Ke6
53. Nb3 Kd6 54. Nc5 Kc7 55. Nxa6+ Kb7 56. Nc5+ Ka7 57. Nxe4 dxe4 58. Kxe4 Kb7
59. d5 Kc7 60. dxc6 Kxc6 1-0

[Event "DLM 2007"]
[Site "Verden/Aller GER"]
[Date "2007.09.29"]
[Round "1"]
[White "Bluhm, Sonja"]
[Black "Rethmann, Kristin"]
[Result "1-0"]
[Termination "normal"]
[Board "3.8"]
[WhiteElo "1346"]
[BlackElo "1363"]
[WhiteTeam "Hessen"]
[BlackTeam "Niedersachsen I"]
[PlyCount "133"]
[WhiteFideId "24654027"]
[BlackFideId "24655805"]
[EventCountry "GER"]
[EventRounds "7"]
[EventType "team-swiss"]
[EventDate "2007.09.28"]

1. e4 Nf6 2. e5 Nd5 3. d4 d6 4. c4 Nb6 5. f4 g6 6. Nf3 Bg7 7. Nc3 O-O 8. Be3
Nc6 9. b3 Bg4 10. Be2 Bxf3 11. Bxf3 Qd7 12. Qd2 Rfd8 13. Rd1 Rab8 14. h4 dxe5
15. fxe5 Qe8 16. Qe2 Rd7 17. Bg4 e6 18. Bf3 Ne7 19. g4 Nc6 20. Bxc6 bxc6 21.
Ne4 Rdd8 22. Bh6 Bh8 23. Qf3 Qe7 24. Bg5 Qf8 25. Bxd8 Rxd8 26. h5 Qb4+ 27. Kf2
Rf8 28. Nf6+ Bxf6 29. Qxf6 Nd7 30. Qg5 Re8 31. hxg6 fxg6 32. Qh6 Qe7 33. Rd3
Rf8+ 34. Rf3 Rf7 35. Rxf7 Qxf7+ 36. Kg2 c5 37. Rf1 Qe7 38. Qf4 Qg7 39. Qe4 cxd4
40. Qxd4 h6 41. Qxa7 Qxe5 42. Qa8+ Kg7 43. Qf3 Qf6 44. Qc6 Qe7 45. Qxc7 Kg8 46.
Rd1 Qg5 47. Qxd7 Qxg4+ 48. Kf2 Qf4+ 49. Ke2 Qe4+ 50. Kd2 Qf4+ 51. Kc2 Qf5+ 52.
Qd3 e5 53. Qxf5 gxf5 54. c5 Kg7 55. c6 Kg6 56. c7 Kg5 57. c8=Q e4 58. Qc5 Kg4
59. Rg1+ Kf4 60. Rf1+ Kg4 61. Qxf5+ Kg3 62. Qxe4 h5 63. Qf3+ Kh4 64. Qxh5+ Kg3
65. Qg5+ Kh2 66. Rf8 Kh3 67. Rh8# 1-0

[Event "DLM 2007"]
[Site "Verden/Aller GER"]
[Date "2007.09.29"]
[Round "1"]
[White "Holloway, Timo"]
[Black "Ollenberger, Roland"]
[Result "1-0"]
[Termination "normal"]
[Board "4.1"]
[WhiteElo "2092"]
[BlackElo "2129"]
[WhiteTeam "Niedersachsen II"]
[BlackTeam "Rheinland-Pfalz"]
[PlyCount "95"]
[WhiteFideId "24631426"]
[BlackFideId "24608440"]
[EventCountry "GER"]
[EventRounds "7"]
[EventType "team-swiss"]
[EventDate "2007.09.28"]

1. e4 d6 2. d4 Nf6 3. Nc3 g6 4. f4 Bg7 5. Nf3 O-O 6. Bd3 Nc6 7. O-O d5 8. e5
Ng4 9. Bd2 f6 10. Ne2 Nxd4 11. Nexd4 c5 12. exf6 Nxf6 13. f5 gxf5 14. Nxf5 c4
15. Nxg7 cxd3 16. cxd3 Kxg7 17. Qe1 a5 18. Qh4 Rg8 19. Rae1 Ra6 20. Ne5 Qe8 21.
Bg5 Re6 22. Rf3 Kh8 23. Rxf6 exf6 24. Bxf6+ Rg7 25. Bxg7+ Kxg7 26. Qd4 Qb5 27.
Qf4 Qb6+ 28. d4 Rf6 29. Qg5+ Kf8 30. Qxf6+ Qxf6 31. Rf1 Ke7 32. Rxf6 Kxf6 33.
Kf2 Bf5 34. Ke3 Kg5 35. h3 h5 36. Nf3+ Kf6 37. Kf4 b5 38. g4 hxg4 39. hxg4 Bc2
40. Ne5 b4 41. Nc6 Bb1 42. a3 bxa3 43. bxa3 a4 44. Ne5 Be4 45. g5+ Kg7 46. Ke3
Kf8 47. Nd7+ Kg7 48. Nb6 1-0

[Event "DLM 2007"]
[Site "Verden/Aller GER"]
[Date "2007.09.29"]
[Round "1"]
[White "Dann, Matthias"]
[Black "Bradler, Stephan"]
[Result "1-0"]
[Termination "normal"]
[Board "4.2"]
[WhiteElo "2109"]
[BlackElo "1851"]
[WhiteTeam "Rheinland-Pfalz"]
[BlackTeam "Niedersachsen II"]
[PlyCount "103"]
[WhiteFideId "24638056"]
[BlackFideId "24629367"]
[EventCountry "GER"]
[EventRounds "7"]
[EventType "team-swiss"]
[EventDate "2007.09.28"]

1. e4 c5 2. Nf3 Nc6 3. d4 cxd4 4. Nxd4 Nf6 5. Nc3 e5 6. Ndb5 d6 7. Bg5 a6 8.
Na3 b5 9. Nd5 Be7 10. Bxf6 Bxf6 11. c3 O-O 12. Nc2 Bg5 13. a4 bxa4 14. Rxa4 a5
15. Bc4 Rb8 16. b3 Kh8 17. O-O f5 18. exf5 Bxf5 19. Nce3 Bxe3 20. Nxe3 Be4 21.
f3 Qb6 22. Re1 Bg6 23. Kh1 Ne7 24. Qa1 Ra8 25. b4 Qc6 26. Rxa5 d5 27. Nxd5 Rxa5
28. Qxa5 Qxc4 29. Nxe7 Qxc3 30. Qxe5 Qxb4 31. Nxg6+ hxg6 32. h3 Qf4 33. Qe4 Kh7
34. Ra1 Rf5 35. Ra4 Qc1+ 36. Kh2 Qc7+ 37. f4 Qb8 38. Rd4 Qb2 39. Qe3 Qb8 40. h4
Rb5 41. Rd7 Rb7 42. Rd5 Rb5 43. Re5 Rb3 44. Qe4 Rb5 45. h5 Rxe5 46. fxe5 Kg8
47. hxg6 Qe8 48. Kg3 Qd8 49. Qf5 Qc7 50. Qe6+ Kf8 51. Qd6+ Qxd6 52. exd6 1-0

[Event "DLM 2007"]
[Site "Verden/Aller GER"]
[Date "2007.09.29"]
[Round "1"]
[White "Kyas, Marcel"]
[Black "Gölz, Daniel"]
[Result "0-1"]
[Termination "normal"]
[Board "4.3"]
[WhiteElo "1952"]
[BlackElo "1974"]
[WhiteTeam "Niedersachsen II"]
[BlackTeam "Rheinland-Pfalz"]
[PlyCount "64"]
[WhiteFideId "24642037"]
[BlackFideId "24626325"]
[EventCountry "GER"]
[EventRounds "7"]
[EventType "team-swiss"]
[EventDate "2007.09.28"]

1. e4 c5 2. Nf3 e6 3. d4 cxd4 4. Nxd4 Nc6 5. Nc3 a6 6. Be3 Qc7 7. Bd3 Nf6 8.
O-O Be7 9. Nxc6 bxc6 10. f4 d5 11. e5 Nd7 12. Qg4 g6 13. Bf2 c5 14. Kh1 c4 15.
Be2 Bb7 16. Bf3 h5 17. Qh3 O-O-O 18. Rad1 Kb8 19. Bh4 g5 20. Bxg5 Bxg5 21. fxg5
Qxe5 22. g6 f5 23. Bxd5 exd5 24. Rxf5 Qd6 25. Qg3 Qxg3 26. hxg3 Nb6 27. Rf6 Ka7
28. a4 d4 29. a5 Nd7 30. Rd6 dxc3 31. Rxd7 Rxd7 32. Rxd7 cxb2 0-1

[Event "DLM 2007"]
[Site "Verden/Aller GER"]
[Date "2007.09.29"]
[Round "1"]
[White "Schreiner, Till"]
[Black "Grünter, Martin"]
[Result "1-0"]
[Termination "normal"]
[Board "4.5"]
[WhiteElo "2003"]
[BlackElo "1952"]
[WhiteTeam "Niedersachsen II"]
[BlackTeam "Rheinland-Pfalz"]
[PlyCount "120"]
[WhiteFideId "24675555"]
[BlackFideId "24640352"]
[EventCountry "GER"]
[EventRounds "7"]
[EventType "team-swiss"]
[EventDate "2007.09.28"]

1. d4 Nf6 2. c4 e6 3. Nc3 Bb4 4. e3 c5 5. Bd3 O-O 6. Nf3 d5 7. O-O Nc6 8. a3
Bxc3 9. bxc3 dxc4 10. Bxc4 Qc7 11. Bd3 e5 12. Qc2 Rd8 13. Bb2 Bg4 14. Nxe5 Nxe5
15. dxe5 Qxe5 16. c4 Qd6 17. Bf5 Qd2 18. Bxf6 Qxc2 19. Bxc2 gxf6 20. Be4 Rd2
21. Bxb7 Rb8 22. Rab1 Be2 23. Bd5 Rxb1 24. Rxb1 Rc2 25. g3 Bxc4 26. Bxc4 Rxc4
27. Rb7 a5 28. Kg2 a4 29. Ra7 Kg7 30. h4 f5 31. Kf3 Kf6 32. Ke2 Rc2+ 33. Ke1
Ke5 34. Rxa4 Kd5 35. f3 Rg2 36. Ra7 Rxg3 37. Kf2 Rh3 38. Rxf7 Rxh4 39. Rxf5+
Kc6 40. Rf6+ Kb5 41. Rf7 c4 42. e4 Kc5 43. Ke3 Rh1 44. Rf5+ Kd6 45. Kd4 Rc1 46.
Rf6+ Ke7 47. Rh6 c3 48. Rxh7+ Kd6 49. Rh2 c2 50. Rd2 Ke6 51. Kc3 Rf1 52. Rxc2
Rxf3+ 53. Kb4 Ke5 54. Rc4 Rf1 55. a4 Rb1+ 56. Kc5 Ra1 57. Kb5 Rb1+ 58. Rb4 Ra1
59. a5 Kd6 60. Kb6 Rg1 1-0

[Event "DLM 2007"]
[Site "Verden/Aller GER"]
[Date "2007.09.29"]
[Round "1"]
[White "Mai, Felicitas"]
[Black "Voss, Janine"]
[Result "0-1"]
[Termination "normal"]
[Board "4.7"]
[WhiteElo "1616"]
[BlackElo "1740"]
[WhiteTeam "Niedersachsen II"]
[BlackTeam "Rheinland-Pfalz"]
[PlyCount "80"]
[WhiteFideId "4635345"]
[BlackFideId "24677329"]
[EventCountry "GER"]
[EventRounds "7"]
[EventType "team-swiss"]
[EventDate "2007.09.28"]

1. e4 c5 2. Nf3 d6 3. d4 cxd4 4. Nxd4 Nf6 5. Nc3 g6 6. Bc4 Bg7 7. Bb3 Nc6 8. h3
O-O 9. Be3 Bd7 10. O-O Rc8 11. f4 a6 12. Qf3 Qc7 13. Rad1 Qb8 14. f5 Ne5 15.
Qg3 Nc4 16. fxg6 hxg6 17. Bc1 b5 18. a3 Qa7 19. Kh1 Nxe4 20. Nxe4 Bxd4 21. Bh6
Bg7 22. Bxg7 Kxg7 23. Rde1 Be6 24. Ng5 Bd5 25. Rf4 Qb7 26. c3 Ne5 27. Bc2 Rc4
28. Ref1 Rxf4 29. Rxf4 Nc4 30. Rf2 Ne5 31. h4 Qd7 32. Rf4 f6 33. Ne4 Qe6 34. h5
Rh8 35. Kg1 Rxh5 36. Nf2 Rg5 37. Qh4 Bxg2 38. Bd1 Bf3+ 39. Kf1 Bg2+ 40. Ke1
Nf3# 0-1

[Event "DLM 2007"]
[Site "Verden/Aller GER"]
[Date "2007.09.29"]
[Round "1"]
[White "Eimer, Christina"]
[Black "Flacke, Leonie"]
[Result "1-0"]
[Termination "normal"]
[Board "4.8"]
[WhiteElo "1077"]
[BlackElo "1052"]
[WhiteTeam "Rheinland-Pfalz"]
[BlackTeam "Niedersachsen II"]
[PlyCount "61"]
[WhiteFideId "24655767"]
[EventCountry "GER"]
[EventRounds "7"]
[EventType "team-swiss"]
[EventDate "2007.09.28"]

1. e4 e5 2. Nf3 Nc6 3. c3 Nf6 4. d4 exd4 5. cxd4 d5 6. e5 Ne4 7. Bd3 Bf5 8. Nc3
Bb4 9. Bd2 Nxf2 10. Kxf2 Bxd3 11. Re1 O-O 12. Bg5 Qd7 13. Qxd3 Rfe8 14. a3 Bxc3
15. bxc3 h6 16. Bf4 Re7 17. Rab1 b6 18. Qe3 Rae8 19. Kg1 Re6 20. Nh4 g5 21.
Bxg5 hxg5 22. Qxg5+ Kf8 23. Re3 Rd8 24. Rg3 Ne7 25. Qg7+ Ke8 26. Rf1 Qb5 27.
Qxf7+ Kd7 28. Ng6 Qe2 29. Nf4 Qe4 30. Qxe6+ Ke8 31. Rg8# 1-0

[Event "DLM 2007"]
[Site "Verden/Aller GER"]
[Date "2007.09.29"]
[Round "1"]
[White "Kaczmarczyk, Dennis"]
[Black "Becker, Carsten"]
[Result "1-0"]
[Termination "normal"]
[Board "5.1"]
[WhiteElo "2135"]
[BlackElo "1955"]
[WhiteTeam "Baden"]
[BlackTeam "Saarland"]
[PlyCount "37"]
[WhiteFideId "24608297"]
[BlackFideId "24646822"]
[EventCountry "GER"]
[EventRounds "7"]
[EventType "team-swiss"]
[EventDate "2007.09.28"]

1. d4 Nf6 2. Bg5 Ne4 3. Bf4 d5 4. f3 Nf6 5. Nc3 Bf5 6. e4 dxe4 7. fxe4 Nxe4 8.
Qf3 Nxc3 9. bxc3 Qc8 10. Rb1 c6 11. Bd3 Bg6 12. Ne2 Nd7 13. O-O Nf6 14. Be5 Bh5
15. Qf2 b6 16. Nf4 Bg6 17. Nxg6 hxg6 18. Rbe1 Kd8 19. Bc4 1-0

[Event "DLM 2007"]
[Site "Verden/Aller GER"]
[Date "2007.09.29"]
[Round "1"]
[White "Dietzen, Corinna"]
[Black "Hirschberg, Valerian"]
[Result "1/2-1/2"]
[Termination "normal"]
[Board "5.2"]
[WhiteElo "2034"]
[BlackElo "2026"]
[WhiteTeam "Saarland"]
[BlackTeam "Baden"]
[PlyCount "86"]
[WhiteFideId "24621021"]
[BlackFideId "24628492"]
[EventCountry "GER"]
[EventRounds "7"]
[EventType "team-swiss"]
[EventDate "2007.09.28"]

1. e4 c6 2. d4 d5 3. exd5 cxd5 4. c4 Nf6 5. Nc3 e6 6. Nf3 Bb4 7. Bd2 O-O 8.
cxd5 Bxc3 9. bxc3 exd5 10. Be2 Bg4 11. O-O Nc6 12. Bg5 Re8 13. Re1 Re6 14. Ne5
Bxe2 15. Qxe2 Qe8 16. Bxf6 Rxf6 17. Nxc6 Qxc6 18. Qe7 Re6 19. Rxe6 fxe6 20. Re1
Re8 21. Qb4 b6 22. Re3 a5 23. Qb1 Rf8 24. Rh3 g6 25. Rg3 Rf6 26. h4 Qc4 27. Qc2
Kg7 28. h5 a4 29. Qd2 Qb5 30. hxg6 Rxg6 31. Qf4 Qb1+ 32. Kh2 Rxg3 33. Qxg3+ Qg6
34. Qc7+ Kh6 35. Qf4+ Kg7 36. Qc7+ Kf8 37. Qd8+ Kf7 38. Qc7+ Kf8 39. Qd8+ Qe8
40. Qf6+ Qf7 41. Qd8+ Kg7 42. Qg5+ Qg6 43. Qe7+ Kh6 1/2-1/2

[Event "DLM 2007"]
[Site "Verden/Aller GER"]
[Date "2007.09.29"]
[Round "1"]
[White "Petermann, Michail"]
[Black "Panflenko, Wladimir"]
[Result "1-0"]
[Termination "normal"]
[Board "5.3"]
[WhiteElo "2006"]
[BlackElo "1766"]
[WhiteTeam "Baden"]
[BlackTeam "Saarland"]
[PlyCount "71"]
[WhiteFideId "24643530"]
[BlackFideId "4658299"]
[EventCountry "GER"]
[EventRounds "7"]
[EventType "team-swiss"]
[EventDate "2007.09.28"]

1. e4 d5 2. exd5 Qxd5 3. d4 e5 4. dxe5 Qxd1+ 5. Kxd1 Nc6 6. Bb5 Bd7 7. Be3 Nxe5
8. Bxd7+ Nxd7 9. c3 Bc5 10. Bxc5 Nxc5 11. Kc2 O-O-O 12. Nh3 Nf6 13. Re1 Rd7 14.
Na3 Rhd8 15. Re2 g5 16. Nxg5 Rg8 17. f4 Nd5 18. g3 f6 19. Nf3 Nd3 20. Rf1 c5
21. Ne1 Nxe1+ 22. Rfxe1 Rgd8 23. Re8 Kc7 24. Rxd8 Rxd8 25. Nc4 b5 26. Ne3 h5
27. Nxd5+ Rxd5 28. Re7+ Rd7 29. Re6 Rd6 30. Re8 c4 31. Rh8 Rd5 32. Rh6 Rf5 33.
Kd2 Rd5+ 34. Ke2 Rf5 35. Rh7+ Kb6 36. Ke3 1-0

[Event "DLM 2007"]
[Site "Verden/Aller GER"]
[Date "2007.09.29"]
[Round "1"]
[White "Müller, Denis"]
[Black "Sarchisov, Slavik"]
[Result "0-1"]
[Termination "normal"]
[Board "5.4"]
[WhiteElo "1810"]
[BlackElo "1842"]
[WhiteTeam "Saarland"]
[BlackTeam "Baden"]
[PlyCount "62"]
[WhiteFideId "4696140"]
[BlackFideId "24647888"]
[EventCountry "GER"]
[EventRounds "7"]
[EventType "team-swiss"]
[EventDate "2007.09.28"]

1. e4 c5 2. Nf3 d6 3. Bb5+ Bd7 4. Bxd7+ Qxd7 5. O-O e6 6. c3 Nf6 7. Qe2 Nc6 8.
d4 cxd4 9. cxd4 d5 10. e5 Ne4 11. b3 Be7 12. Ba3 O-O 13. Bxe7 Qxe7 14. Nbd2
Nxd2 15. Qxd2 Rfc8 16. Rad1 Qa3 17. Nh4 Qe7 18. g3 a5 19. f4 g6 20. Nf3 Qb4 21.
Qe3 Ne7 22. Rc1 Nf5 23. Qd3 h5 24. Kg2 a4 25. bxa4 Qb2+ 26. Qd2 Qxd2+ 27. Nxd2
Ne3+ 28. Kf2 Nxf1 29. Rxf1 Rc2 30. Ke3 Rxa4 31. Rb1 Raxa2 0-1

[Event "DLM 2007"]
[Site "Verden/Aller GER"]
[Date "2007.09.29"]
[Round "1"]
[White "Frey, Alisa"]
[Black "Wilhelm, Robin"]
[Result "1-0"]
[Termination "normal"]
[Board "5.5"]
[WhiteElo "1920"]
[BlackElo "1549"]
[WhiteTeam "Baden"]
[BlackTeam "Saarland"]
[PlyCount "57"]
[WhiteFideId "24634662"]
[BlackFideId "4659627"]
[EventCountry "GER"]
[EventRounds "7"]
[EventType "team-swiss"]
[EventDate "2007.09.28"]

1. d4 d5 2. c4 Nf6 3. cxd5 Nxd5 4. e4 Nf6 5. Nc3 e6 6. Bg5 Be7 7. Nf3 Nbd7 8.
Bc4 b6 9. O-O Bb7 10. Re1 O-O 11. Qd2 Ng4 12. Bf4 c5 13. d5 e5 14. Bg3 Qb8 15.
d6 Bd8 16. h3 Ngf6 17. Nxe5 Nxe5 18. Bxe5 Re8 19. Qf4 a6 20. Bxf6 Bxf6 21. e5
Bxe5 22. Rxe5 Rf8 23. Re7 b5 24. Bxf7+ Kh8 25. Qe5 Qd8 26. Bd5 Rf6 27. Bxb7 Rb8
28. d7 Qg8 29. Qxb8 1-0

[Event "DLM 2007"]
[Site "Verden/Aller GER"]
[Date "2007.09.29"]
[Round "1"]
[White "Grewenig, Jan"]
[Black "Srokovskiy, Alexander"]
[Result "0-1"]
[Termination "normal"]
[Board "5.6"]
[WhiteElo "1635"]
[BlackElo "1779"]
[WhiteTeam "Saarland"]
[BlackTeam "Baden"]
[PlyCount "98"]
[WhiteFideId "4657330"]
[BlackFideId "24676330"]
[EventCountry "GER"]
[EventRounds "7"]
[EventType "team-swiss"]
[EventDate "2007.09.28"]

1. e4 c5 2. Nf3 a6 3. d4 cxd4 4. Nxd4 Nf6 5. Nc3 e5 6. Nf3 Bb4 7. Bd3 d5 8.
exd5 e4 9. Qe2 O-O 10. O-O exd3 11. Qxd3 Bxc3 12. Qxc3 Qxd5 13. Re1 Qc6 14. Qd3
Re8 15. Rxe8+ Qxe8 16. Bg5 Nc6 17. Bxf6 gxf6 18. Re1 Be6 19. Nh4 Ne5 20. Qg3+
Ng6 21. f4 Qc6 22. Re2 Rd8 23. h3 Qc5+ 24. Kh2 Qh5 25. Nf3 Qf5 26. Nh4 Qxf4 27.
Nxg6 Qxg3+ 28. Kxg3 hxg6 29. b3 Rd5 30. c4 Rd3+ 31. Kf4 Kf8 32. h4 Rd4+ 33. Ke3
Rxh4 34. Kd3 Ke7 35. Kc3 Kd6 36. Kb4 b5 37. Rd2+ Kc6 38. Ka5 bxc4 39. b4 c3 40.
Rc2 Rc4 41. a4 Bf5 42. b5+ axb5 43. axb5+ Kc5 44. Rc1 c2 45. b6 Rb4 46. g4 Bd3
47. g5 Rb1 48. b7 Rxc1 49. b8=Q Ra1# 0-1

[Event "DLM 2007"]
[Site "Verden/Aller GER"]
[Date "2007.09.29"]
[Round "1"]
[White "Kühnel, Lena"]
[Black "Sonnhalter, Stella"]
[Result "0-1"]
[Termination "normal"]
[Board "5.7"]
[WhiteElo "1639"]
[BlackElo "1462"]
[WhiteTeam "Baden"]
[BlackTeam "Saarland"]
[PlyCount "114"]
[WhiteFideId "24640956"]
[BlackFideId "4624815"]
[EventCountry "GER"]
[EventRounds "7"]
[EventType "team-swiss"]
[EventDate "2007.09.28"]

1. e4 c5 2. Nf3 Nc6 3. d4 cxd4 4. Nxd4 g6 5. Nc3 Bg7 6. Be3 Nf6 7. f3 O-O 8.
Bc4 Qb6 9. Bb3 Nxe4 10. Nxe4 Bxd4 11. Bxd4 Qxd4 12. c3 Qxd1+ 13. Rxd1 d6 14.
Kf2 Bf5 15. Rhe1 Rac8 16. Bd5 Ne5 17. Rd4 b5 18. f4 Nc4 19. Ng5 e6 20. Bxc4
Rxc4 21. Rxd6 Rxf4+ 22. Kg1 b4 23. cxb4 Rxb4 24. b3 h6 25. Nf3 Rc8 26. Nd4 Rb6
27. Rd7 a6 28. h3 h5 29. Rf1 Rf8 30. Nxf5 gxf5 31. Rf4 Kg7 32. g4 hxg4 33. hxg4
fxg4 34. Rxg4+ Kf6 35. Ra4 e5 36. Ra7 Kf5 37. R7xa6 Rxa6 38. Rxa6 e4 39. Kf2
Kf4 40. Rf6+ Ke5 41. Rc6 Rd8 42. Rc5+ Kf4 43. Rc2 Rh8 44. Kf1 e3 45. Kg2 Rg8+
46. Kf1 Kf3 47. a4 Rh8 48. Kg1 e2 49. Rc3+ Ke4 50. Kf2 Rh2+ 51. Ke1 f5 52. a5
f4 53. a6 f3 54. Rc1 Rh1+ 55. Kd2 Rxc1 56. Kxc1 e1=Q+ 57. Kc2 Qa5 0-1

[Event "DLM 2007"]
[Site "Verden/Aller GER"]
[Date "2007.09.29"]
[Round "1"]
[White "Freis, Katrin"]
[Black "Schmitt, Katrin"]
[Result "0-1"]
[Termination "normal"]
[Board "5.8"]
[WhiteElo "1047"]
[BlackElo "1430"]
[WhiteTeam "Saarland"]
[BlackTeam "Baden"]
[PlyCount "126"]
[WhiteFideId "24655783"]
[BlackFideId "24654400"]
[EventCountry "GER"]
[EventRounds "7"]
[EventType "team-swiss"]
[EventDate "2007.09.28"]

1. e4 e5 2. Nf3 Nc6 3. Bc4 Bc5 4. O-O Nf6 5. Nc3 d6 6. h3 O-O 7. d3 h6 8. Bd2
Be6 9. Bb3 Qd7 10. Nd5 Bxd5 11. Bxd5 Rab8 12. Qe2 Ne7 13. Bb3 Ng6 14. Be3 Bb6
15. Nh2 Rfe8 16. Rae1 Rbd8 17. Bxb6 axb6 18. Qf3 Qc6 19. Rc1 d5 20. Rfe1 dxe4
21. dxe4 Nf4 22. Ng4 Nxg4 23. Qxg4 Qf6 24. g3 Ne6 25. Rcd1 Nd4 26. Kg2 Rd6 27.
c3 Nxb3 28. axb3 Red8 29. b4 Qe7 30. h4 Qd7 31. Qxd7 R6xd7 32. Rxd7 Rxd7 33.
Ra1 Kf8 34. Kf3 b5 35. Kg4 f6 36. Rc1 Rd2 37. c4 Rxb2 38. c5 Rxb4 39. f3 Rc4
40. Rb1 Rxc5 41. f4 c6 42. Kf5 exf4+ 43. Kxf4 Rc4 44. h5 b4 45. Ke3 Rc3+ 46.
Kd2 c5 47. g4 Ke7 48. Rb2 Ke6 49. Rb1 Ke5 50. Rb2 Kxe4 51. Rb1 Kd4 52. Ke2 b3
53. Rd1+ Kc4 54. Kd2 Rd3+ 55. Kc1 Rxd1+ 56. Kxd1 Kc3 57. Kc1 b2+ 58. Kb1 c4 59.
g5 fxg5 60. Ka2 Kc2 61. Ka3 b1=Q 62. Ka4 b6 63. Ka3 Qb3# 0-1